000
00314nam a22001337a 4500
008
181016b xxu||||| |||| 00| 0 eng d
020
_a
9780538754279
041
_a
eng
080
_2
13th
_a
330
100
_a
52
101
_a
EKO
245
_a
Economics private and public choice
_c
Gwartney,J.D
942
_2
udc
_c
BK
999
_c
49864
_d
49864